书目信息 |
| 题名: |
电子器件导论
|
|
| 作者: | 包兴 , 胡明 主编 | |
| 分册: | ||
| 出版信息: | 北京 北京理工大学出版社 2001.01 |
|
| 页数: | 454页 | |
| 开本: | 26cm | |
| 丛书名: | ||
| 单 册: | ||
| 中图分类: | TN103-43 | |
| 科图分类: | ||
| 主题词: | 真空电子技术 | |
| 电子资源: | ||
| ISBN: | 7-81045-764-0 | |
| 000 | 00595nam0 2200205 45 | |
| 001 | 0235149841 | |
| 005 | 2002111909454984 | |
| 010 | @a7-81045-764-0@dRMB 38.00 | |
| 100 | @a20021119d2001 km y0chiy0120 ea | |
| 101 | 0 | @achi |
| 102 | @aCN@b110000 | |
| 200 | 1 | @a电子器件导论@Adian zi qi jian dao lun@f包兴,胡明主编@Fbao xing,hu ming zhu bian |
| 210 | @a北京@c北京理工大学出版社@d2001.01 | |
| 215 | @a454页@d26cm | |
| 606 | 0 | @a真空电子技术 |
| 690 | @aTN103-43@v3 | |
| 701 | 0 | @a包兴@Abao xing@4主编 |
| 701 | 0 | @a胡明@Ahu ming@4主编 |
| 801 | 0 | @aCN@bPFT@c20021119 |
| 905 | @a10447@dTN103-43@eB231 | |
| 电子器件导论/包兴,胡明主编.-北京:北京理工大学出版社,2001.01 |
| 454页;26cm |
| ISBN 7-81045-764-0:RMB 38.00 |
| ● |
| 相关链接 |
|
|
|
正题名:电子器件导论
索取号:TN103-43/B231
 
预约/预借
| 序号 | 登录号 | 条形码 | 馆藏地/架位号 | 状态 | 备注 |
| 1 | 360752 | 203607524 | 自科库301/301自科库 25排1列4层/ [索取号:TN103-43/B231] | 在馆 | |
| 2 | 360753 | 203607533 | 自科库301/301自科库 25排1列4层/ [索取号:TN103-43/B231] | 在馆 | |
| 3 | 360754 | 203607542 | 自科二线404/404自科库 11排2列6层/ [索取号:TN103-43/B231] | 在馆 |